|
|
|
|
| LEADER |
01161nta a2200241 i 4500 |
| 001 |
dokt10641 |
| 005 |
20210331110448.0 |
| 008 |
200916s2020 hu om 0|| hun d |
| 024 |
7 |
|
|a 10.14232/phd.10641
|2 doi
|
| 024 |
7 |
|
|a 31661296
|2 mtmt
|
| 040 |
|
|
|a SZTE Doktori Repozitórium
|b hun
|
| 041 |
|
|
|a hun
|
| 100 |
1 |
|
|a Kéri Anita
|
| 245 |
1 |
2 |
|a A külföldi hallgatók elégedettségét és lojalitását befolyásoló tényezők feltárása a Szegedi Tudományegyetemen
|h [elektronikus dokumentum] /
|c Kéri Anita
|
| 246 |
1 |
0 |
|a Factors influencing foreign student satisfaction and loyalty at the University of Szeged
|h [elektronikus dokumentum]
|
| 260 |
|
|
|c 2020-10-16
|
| 502 |
|
|
|a Disszertacio
|
| 650 |
|
4 |
|a közgazdaságtudományok
|
| 650 |
|
4 |
|a Közgazdasági és gazdálkodástudományok
|
| 700 |
1 |
|
|a Hetesi Erzsébet
|e ths
|
| 856 |
4 |
0 |
|u https://doktori.bibl.u-szeged.hu/id/eprint/10641/1/disszertacio_KeriAnita.pdf
|z Dokumentum-elérés
|
| 856 |
4 |
0 |
|u https://doktori.bibl.u-szeged.hu/id/eprint/10641/2/tezisfuzet_KeriAnita_HUN.pdf
|z Dokumentum-elérés
|
| 856 |
4 |
0 |
|u https://doktori.bibl.u-szeged.hu/id/eprint/10641/3/tezisfuzet_KeriAnita_ENG.pdf
|z Dokumentum-elérés
|